[Event "II Liga SSCS 2015 - Istok"]
[Site "VRNJAČKA BANJA - Hotel "]
[Date "2015.08.29"]
[Round "3.4"]
[White "DJOKIC, Nebojsa"]
[Black "BURA, Goran"]
[Result "1-0"]
[WhiteElo "2204"]
[BlackElo "2270"]
[PlyCount "157"]
[EventDate "2015.08.28"]

1. e4 c5 2. Nf3 Nc6 3. d4 cxd4 4. Nxd4 Qc7 5. Nc3 e6 6. Be3 a6 7. Qd2 Nf6 8. f3
Bb4 9. O-O-O Ne7 10. a3 Bxc3 11. Qxc3 Qxc3 12. bxc3 d5 13. Bd3 dxe4 14. fxe4
O-O 15. c4 Ng4 16. Bg1 Ne5 17. Nf3 Nxd3+ 18. cxd3 Bd7 19. Bc5 Rfe8 20. Kd2 f6
21. Bb6 e5 22. Rb1 Bc6 23. Ke3 Ng6 24. g3 Nf8 25. Rhc1 Nd7 26. Nd2 Rac8 27. Rb3
Nxb6 28. Rxb6 a5 29. Nb3 Ra8 30. Rb1 Re7 31. Nc5 Ra7 32. Nb3 Kf7 33. Nc1 h5 34.
Ne2 Ra8 35. Nc3 h4 36. g4 h3 37. Rf1 Kg6 38. Nd5 Rd7 39. Rxc6 bxc6 40. Nb6 Raa7
41. Nxd7 Rxd7 42. Rf3 Rb7 43. Rxh3 Rb3 44. Rh8 Rxa3 45. Rc8 Kg5 46. h3 Ra2 47.
Rc7 g6 48. Rxc6 Rh2 49. Ra6 Rxh3+ 50. Kd2 a4 51. c5 a3 52. c6 Rh7 53. Kc3 Kxg4
54. Kc4 f5 55. exf5 gxf5 56. Kd5 Re7 57. Kd6 Re8 58. Kd7 Rh8 59. Ra4+ Kg5 60.
c7 a2 61. Rxa2 e4 62. d4 f4 63. d5 f3 64. c8=Q Rxc8 65. Kxc8 e3 66. d6 e2 67.
d7 e1=Q 68. d8=Q+ Kg4 69. Qg8+ Kh3 70. Qh7+ Qh4 71. Rh2+ Kxh2 72. Qxh4+ Kg2 73.
Qg4+ Kf2 74. Kd7 Ke3 75. Qe6+ Kf2 76. Kd6 Kf1 77. Qc4+ Kf2 78. Ke5 Ke1 79. Ke4
1-0

[Event "II Liga SSCS 2015 - Istok"]
[Site "VRNJAČKA BANJA - Hotel "]
[Date "2015.08.29"]
[Round "3.4"]
[White "ILIC, Aleksandar"]
[Black "MICKOVIC, Slavisa"]
[Result "0-1"]
[WhiteElo "2147"]
[BlackElo "2092"]
[PlyCount "78"]
[EventDate "2015.08.28"]

1. e4 c6 2. d4 d5 3. Nc3 dxe4 4. Nxe4 Nd7 5. Ng5 Ngf6 6. Bd3 e6 7. N1f3 Bd6 8.
Qe2 h6 9. Ne4 Nxe4 10. Qxe4 Nf6 11. Qe2 Qc7 12. Bd2 Bf4 13. O-O-O b6 14. Rhe1
Bxd2+ 15. Rxd2 Bb7 16. Ba6 Bxa6 17. Qxa6 O-O 18. Ne5 Rad8 19. Qc4 Rd6 20. g4
Rfd8 21. h4 c5 22. c3 b5 23. Qxb5 cxd4 24. Qc4 Qb6 25. Rxd4 Rxd4 26. cxd4 Qxd4
27. Qxd4 Rxd4 28. f3 Nd5 29. Rd1 Rf4 30. Rd3 f6 31. Ng6 Ra4 32. h5 Kf7 33. Rb3
Rb4 34. Ra3 Rb7 35. Nh8+ Ke7 36. Ng6+ Kd6 37. Ra6+ Nb6 38. a4 Kc5 39. a5 Kb5
0-1

[Event "II Liga SSCS 2015 - Istok"]
[Site "VRNJAČKA BANJA - Hotel "]
[Date "2015.08.29"]
[Round "3.4"]
[White "KOSTIC, Tomislav  **"]
[Black "DJUKIC, Slobodan D"]
[Result "0-1"]
[WhiteElo "1983"]
[BlackElo "2127"]
[PlyCount "118"]
[EventDate "2015.08.28"]

1. e4 c5 2. Nf3 d6 3. d4 cxd4 4. Nxd4 Nf6 5. Nc3 a6 6. h3 e5 7. Nde2 Be6 8. g4
Be7 9. Bg2 O-O 10. O-O Nc6 11. Be3 Re8 12. Ng3 Bf8 13. Nf5 g6 14. Nh6+ Kg7 15.
Nd5 Bxd5 16. exd5 Nb8 17. g5 Ng8 18. f4 Nxh6 19. gxh6+ Kg8 20. fxe5 Rxe5 21.
Bd4 Nd7 22. Bxe5 Nxe5 23. Qd2 Qh4 24. Qf4 Qh5 25. Rae1 Bxh6 26. Qb4 Rd8 27.
Qxb7 f5 28. Qc7 Qh4 29. b3 f4 30. Rxe5 dxe5 31. Qxe5 Rf8 32. d6 Bg7 33. Qd5+
Kh8 34. d7 h5 35. c4 Kh7 36. Qe4 Qd8 37. Rd1 Qg5 38. Qf3 Qe7 39. Kh1 Be5 40. c5
Bc7 41. b4 Rf5 42. c6 Kh6 43. Qe4 Qf6 44. Qf3 g5 45. Bf1 g4 46. Qd3 Qxc6+ 47.
Bg2 f3 48. d8=Q fxg2+ 49. Kg1 Rf1+ 50. Rxf1 gxf1=Q+ 51. Kxf1 Bxd8 52. Qxd8 Qc4+
53. Kf2 Qxa2+ 54. Ke1 Qe6+ 55. Kf1 Kg6 56. h4 Qf6+ 57. Qxf6+ Kxf6 58. Ke2 Ke6
59. Kf2 Kd5 0-1

[Event "II Liga SSCS 2015 - Istok"]
[Site "VRNJAČKA BANJA - Hotel "]
[Date "2015.08.29"]
[Round "3.4"]
[White "MADJAR, Stanislav"]
[Black "KOSTIC, Marko **"]
[Result "1/2-1/2"]
[WhiteElo "2166"]
[BlackElo "1938"]
[PlyCount "89"]
[EventDate "2015.08.28"]

1. c4 c5 2. Nf3 Nc6 3. d4 cxd4 4. Nxd4 g6 5. e4 Bg7 6. Be3 e6 7. Nc3 Nge7 8.
Be2 O-O 9. O-O a6 10. Nc2 Qc7 11. Qd2 b6 12. Rfd1 Rd8 13. Rac1 d6 14. Na3 Rb8
15. Bf1 Bb7 16. f3 h5 17. Nd5 exd5 18. cxd5 b5 19. Qf2 Qd7 20. dxc6 Bxc6 21.
Rc2 Qe6 22. b3 d5 23. Rcd2 Rd7 24. Nc2 dxe4 25. Rxd7 Bxd7 26. fxe4 Bc6 27. Bf4
Rc8 28. Nd4 Qxe4 29. Nxc6 Nxc6 30. Kh1 Nb4 31. a4 bxa4 32. bxa4 Nd5 33. Bg5 a5
34. Bb5 Rc2 35. Qf3 Qxf3 36. gxf3 Rc5 37. Bh4 Bh6 38. Bf2 Ne3 39. Bxe3 Bxe3 40.
Rd8+ Kg7 41. Ra8 Bd2 42. Ra7 g5 43. Kg2 Rf5 44. Rd7 Bb4 45. Bc4 1/2-1/2

[Event "II Liga SSCS 2015 - Istok"]
[Site "VRNJAČKA BANJA - Hotel "]
[Date "2015.08.29"]
[Round "3.4"]
[White "DUBRAVCIC, Nikola  **"]
[Black "PETROVIC, Tijana  **"]
[Result "0-1"]
[WhiteElo "1862"]
[BlackElo "1769"]
[PlyCount "145"]
[EventDate "2015.08.28"]

1. e4 c5 2. Nf3 d6 3. Bb5+ Nd7 4. c3 Ngf6 5. d3 a6 6. Ba4 e6 7. O-O Be7 8. Re1
O-O 9. Nbd2 Qc7 10. Nf1 b5 11. Bc2 Bb7 12. Ng3 Rac8 13. d4 cxd4 14. Nxd4 d5 15.
exd5 Bxd5 16. Be3 Rfd8 17. Qe2 Bc4 18. Bd3 Bxd3 19. Qxd3 Ne5 20. Qe2 Nc4 21.
Rad1 Nd5 22. Bc1 Qb6 23. Ne4 b4 24. cxb4 Nxb4 25. Nf3 Rxd1 26. Rxd1 Nxa2 27.
Be3 Qxb2 28. Qd3 Nxe3 29. fxe3 Qb5 30. Qd2 Qa4 31. Ra1 Qxe4 32. Rxa2 Qb1+ 33.
Kf2 Rd8 34. Qe2 Qb5 35. Rxa6 Qxe2+ 36. Kxe2 Kf8 37. Ra7 Bf6 38. Nd2 Ke8 39. Ne4
Be7 40. Rb7 Rc8 41. Kf3 Kd8 42. Nf2 Rc7 43. Rb8+ Kd7 44. Rg8 Bf6 45. Rh8 h6 46.
Rf8 Ke7 47. Ra8 Rb7 48. Ne4 Be5 49. h3 Rc7 50. Ra5 Bc3 51. Ra6 Bb4 52. Ra4 Rb7
53. Ra6 f5 54. Nf2 g5 55. Ra8 Kf7 56. Rh8 Kg7 57. Re8 Kf7 58. Rh8 Bf8 59. g4
Kg7 60. Rxf8 Kxf8 61. gxf5 exf5 62. Nd3 Ke7 63. Ne5 Ke6 64. Nd3 Kd5 65. Ne1 h5
66. Ng2 Rb2 67. Ne1 Rd2 68. Ng2 g4+ 69. hxg4 hxg4+ 70. Kg3 Rxg2+ 71. Kxg2 Ke4
72. Kf2 g3+ 73. Kxg3 0-1

[Event "II Liga SSCS 2015 - Istok"]
[Site "VRNJAČKA BANJA - Hotel "]
[Date "2015.08.29"]
[Round "3.5"]
[White "MILOSEVIC, Aleksandar"]
[Black "RADOVIC, Luka  **"]
[Result "0-1"]
[WhiteElo "2284"]
[BlackElo "2286"]
[PlyCount "100"]
[EventDate "2015.08.28"]

1. g3 e5 2. Bg2 Nf6 3. d3 Nc6 4. Nf3 d5 5. O-O Be7 6. c3 Bg4 7. Nbd2 Qd7 8. e4
O-O 9. Qe2 Rfe8 10. Re1 a5 11. Qf1 Bc5 12. h3 Bh5 13. Nb3 Bb6 14. Bg5 dxe4 15.
dxe4 Qe6 16. Nbd2 Nd7 17. Nc4 Bc5 18. Bd2 Rad8 19. g4 Bg6 20. Qe2 f6 21. Nh4
Bf7 22. Ne3 Nb6 23. Nd5 Qd7 24. Be3 Bxe3 25. Nxe3 Qd3 26. Qf3 a4 27. Bf1 Qd2
28. Re2 Qd7 29. Rc2 Na5 30. c4 Nc6 31. Qg2 Nd4 32. Rc3 Kh8 33. Kh1 c6 34. Nhf5
g6 35. Nh6 Be6 36. g5 f5 37. c5 Nc8 38. Nc4 fxe4 39. Ne3 Nf3 40. Nhg4 Qf7 41.
Nf6 Rf8 42. Nxe4 Qf4 43. Ng3 Nxg5 44. Ne2 Qh4 45. Qh2 Nf3 46. Qg3 Qxg3 47. fxg3
Rd2 48. b3 Nd4 49. Re1 Rf2 50. Nxd4 exd4 0-1

[Event "II Liga SSCS 2015 - Istok"]
[Site "VRNJAČKA BANJA - Hotel "]
[Date "2015.08.29"]
[Round "3.5"]
[White "RADOVIC, Janko  **"]
[Black "POPOVIC, Djordje D"]
[Result "0-1"]
[WhiteElo "2270"]
[BlackElo "2244"]
[PlyCount "94"]
[EventDate "2015.08.28"]

1. e4 c5 2. d4 cxd4 3. c3 dxc3 4. Nxc3 d6 5. Bc4 Nc6 6. Nf3 e6 7. O-O Nf6 8.
Qe2 Be7 9. Rd1 e5 10. h3 O-O 11. Be3 Be6 12. Bxe6 fxe6 13. Rac1 h6 14. b4 a6
15. a4 Nxb4 16. Nxe5 Qe8 17. Nc4 d5 18. exd5 Nfxd5 19. Nxd5 Nxd5 20. Bxh6 Bf6
21. Be3 Nc3 22. Rxc3 Bxc3 23. Bc5 Rf6 24. Rc1 Qxa4 25. Nb6 Qa5 26. Nxa8 Qxc5
27. Nb6 Qxb6 28. Rxc3 Qb1+ 29. Kh2 Qf5 30. Rc8+ Rf8 31. Rc3 Qxf2 32. Qxe6+ Qf7
33. Qb6 Qf4+ 34. Kh1 Re8 35. Qb3+ Kh8 36. Qd1 Qe5 37. Qg4 b5 38. Rf3 Kg8 39.
Qd7 Qe6 40. Qc7 Qe1+ 41. Kh2 Qe5+ 42. Qxe5 Rxe5 43. Rc3 b4 44. Rc8+ Kh7 45. Ra8
Ra5 46. g4 b3 47. Rb8 Rb5 0-1

[Event "II Liga SSCS 2015 - Istok"]
[Site "VRNJAČKA BANJA - Hotel "]
[Date "2015.08.29"]
[Round "3.5"]
[White "STEFANOVIC, Vladimir"]
[Black "DJURETANOVIC, Ivan"]
[Result "1-0"]
[WhiteElo "2217"]
[BlackElo "2010"]
[PlyCount "65"]
[EventDate "2015.08.28"]

1. c4 Nf6 2. g3 g6 3. Bg2 Bg7 4. Nf3 d6 5. O-O O-O 6. Nc3 c5 7. d4 Nbd7 8. b3
Rb8 9. Bb2 b6 10. d5 a6 11. Qc2 b5 12. Rab1 Nb6 13. Nd2 Bd7 14. e4 e5 15. dxe6
fxe6 16. e5 dxe5 17. Nce4 Qc7 18. Nxf6+ Bxf6 19. Ne4 Bg7 20. cxb5 Bxb5 21. Rfc1
c4 22. a4 Bc6 23. a5 Nd5 24. Qxc4 Rfc8 25. Bh3 Qe7 26. Qc5 Rxb3 27. Qxe7 Nxe7
28. Bxe6+ Kf8 29. Bxb3 Bxe4 30. Rxc8+ Nxc8 31. Ba3+ Ke8 32. Ba4+ Kd8 33. Rd1+
1-0

[Event "II Liga SSCS 2015 - Istok"]
[Site "VRNJAČKA BANJA - Hotel "]
[Date "2015.08.29"]
[Round "3.5"]
[White "LAZIC, Milan B"]
[Black "IVIC, Matija  **"]
[Result "1/2-1/2"]
[WhiteElo "1990"]
[BlackElo "2172"]
[PlyCount "54"]
[EventDate "2015.08.28"]

1. e4 c6 2. d4 d5 3. exd5 cxd5 4. c4 Nf6 5. Nc3 g6 6. cxd5 Bg7 7. Bc4 O-O 8.
Bf4 Nbd7 9. Bb3 Nb6 10. Be5 Nbxd5 11. Nxd5 Nxd5 12. Bxg7 Kxg7 13. Ne2 Bg4 14.
f3 Bf5 15. Qd2 Qd6 16. g4 Be6 17. h4 h6 18. h5 g5 19. O-O-O a5 20. Kb1 b5 21.
Nc3 Nxc3+ 22. Qxc3 Rfc8 23. Qe3 Bxb3 24. Qxb3 Rab8 25. Rhe1 Rc4 26. Qe3 e6 27.
b3 Rc6 1/2-1/2

[Event "II Liga SSCS 2015 - Istok"]
[Site "VRNJAČKA BANJA - Hotel "]
[Date "2015.08.29"]
[Round "3.5"]
[White "PETROVIC, Petar R  **"]
[Black "DRAGOJEVIC, Dragan"]
[Result "0-1"]
[WhiteElo "1968"]
[BlackElo "1949"]
[PlyCount "84"]
[EventDate "2015.08.28"]

1. e4 e5 2. Nf3 Nc6 3. Bb5 a6 4. Ba4 Nf6 5. d3 b5 6. Bb3 Be7 7. O-O d6 8. c3
Na5 9. Bc2 c5 10. Nbd2 Nc6 11. Re1 O-O 12. Nf1 Re8 13. Ng3 Bf8 14. h3 g6 15.
Be3 Qc7 16. Qd2 Nd8 17. Bh6 Qe7 18. Bxf8 Qxf8 19. Qg5 Qg7 20. d4 Ne6 21. Qd2
Nf4 22. dxc5 dxc5 23. a4 Qh6 24. h4 Bg4 25. Qe3 Bxf3 26. Qxf3 Qxh4 27. Nf1 N6h5
28. g3 Qg5 29. Kh2 Ne6 30. Ne3 Nf6 31. Red1 Kg7 32. Rd6 h5 33. Nd5 Ng4+ 34. Kg2
Qd2 35. Bd3 c4 36. Rd1 Qxb2 37. Rb1 Qa3 38. Rd7 Ng5 39. Qd1 cxd3 40. axb5 Qa2
41. Qf1 Nxe4 42. Nc7 Ne3+ 0-1

[Event "II Liga SSCS 2015 - Istok"]
[Site "VRNJAČKA BANJA - Hotel "]
[Date "2015.08.29"]
[Round "3.5"]
[White "MITIC, Zoran"]
[Black "MILIC, Ivica"]
[Result "1/2-1/2"]
[WhiteElo "1943"]
[BlackElo "1996"]
[PlyCount "138"]
[EventDate "2015.08.28"]

1. e4 c6 2. d4 d5 3. f3 dxe4 4. fxe4 e5 5. Nf3 Bg4 6. Bc4 f6 7. c3 b5 8. Bb3
exd4 9. cxd4 Bxf3 10. gxf3 Nd7 11. Nc3 Nb6 12. Bxg8 Rxg8 13. Qb3 Nc4 14. Nxb5
Qa5+ 15. Nc3 Qb4 16. Qxb4 Bxb4 17. Ke2 O-O-O 18. Rd1 f5 19. a3 Bxc3 20. bxc3
Rge8 21. Bg5 Rd7 22. e5 Rb7 23. Bc1 Rd7 24. f4 Nd6 25. Rg1 Ne4 26. Kd3 g5 27.
fxg5 Rxe5 28. Bf4 Re6 29. Rab1 Rb7 30. Rxb7 Kxb7 31. Be5 Nc5+ 32. Kc4 Ne4 33.
Rg2 Rg6 34. Rb2+ Ka6 35. h4 h6 36. gxh6 Rxh6 37. Rh2 Ka5 38. a4 Nd6+ 39. Bxd6
Rxd6 40. Rf2 Rf6 41. Kb3 f4 42. Rf3 Rf5 43. h5 Rxh5 44. Rxf4 c5 45. Rf7 cxd4
46. cxd4 Kb6 47. Kc4 Ra5 48. Rf6+ Kc7 49. Kb4 Rd5 50. Rf7+ Kb6 51. Rf4 Kc6 52.
Re4 Kb6 53. a5+ Kc6 54. a6 Rb5+ 55. Kc4 Ra5 56. Re6+ Kc7 57. Rh6 Ra4+ 58. Kd5
Ra1 59. Rh7+ Kb6 60. Rb7+ Kxa6 61. Rb8 Ka5 62. Kd6 Ka4 63. d5 a5 64. Kd7 Ka3
65. d6 a4 66. Kd8 Rd1 67. d7 Ka2 68. Kc7 Rxd7+ 69. Kxd7 a3 1/2-1/2

[Event "II Liga SSCS 2015 - Istok"]
[Site "VRNJAČKA BANJA - Hotel "]
[Date "2015.08.29"]
[Round "3.6"]
[White "MARJANOVIC, Dejan  **"]
[Black "TODOROVIC, Jovan"]
[Result "1/2-1/2"]
[WhiteElo "2316"]
[BlackElo "2394"]
[PlyCount "85"]
[EventDate "2015.08.28"]

1. e4 c5 2. Nf3 d6 3. Bb5+ Bd7 4. c4 Nc6 5. O-O Nf6 6. Nc3 g6 7. d4 cxd4 8.
Nxd4 Bg7 9. Bxc6 bxc6 10. h3 O-O 11. b3 Qa5 12. Qd3 Rfd8 13. Bd2 Qc7 14. Rac1
Be8 15. Rfd1 Nd7 16. Be3 Nc5 17. Qc2 a5 18. Nf3 Ne6 19. Rd2 Rdb8 20. Rcd1 Qb7
21. c5 Nxc5 22. Bxc5 dxc5 23. Na4 c4 24. Qxc4 c5 25. Nxc5 Qc7 26. Nd7 Qxc4 27.
bxc4 Rb4 28. c5 Bh6 29. Rd3 Rc8 30. e5 Bxd7 31. Rxd7 Rxc5 32. Rxe7 Rb2 33. g4
Rc1 34. Rxc1 Bxc1 35. Rc7 Bh6 36. g5 Bf8 37. Nd4 Rxa2 38. e6 fxe6 39. Nxe6 Bb4
40. Rg7+ Kh8 41. Rc7 Kg8 42. Rg7+ Kh8 43. Rc7 1/2-1/2

[Event "II Liga SSCS 2015 - Istok"]
[Site "VRNJAČKA BANJA - Hotel "]
[Date "2015.08.29"]
[Round "3.6"]
[White "NADJ HEDJESI, Balind"]
[Black "DMITROVIC, Tomislav"]
[Result "1-0"]
[WhiteElo "2399"]
[BlackElo "2254"]
[PlyCount "63"]
[EventDate "2015.08.28"]

1. d4 f5 2. e4 fxe4 3. Nc3 Nf6 4. Bg5 Nc6 5. d5 Ne5 6. Qd4 Nf7 7. Bf4 c6 8. Bc4
Qb6 9. Nge2 Qxd4 10. Nxd4 g6 11. O-O-O Bg7 12. Rhe1 O-O 13. a4 Nh5 14. Bc7 Bh6+
15. Kb1 e3 16. fxe3 c5 17. Nf3 d6 18. h3 Ng7 19. Nb5 Bd7 20. Ba5 a6 21. Nc7
Rac8 22. e4 Bxa4 23. e5 Nf5 24. b3 Bb5 25. Nxb5 axb5 26. Bxb5 Ne3 27. Rd2 dxe5
28. Bd7 Ra8 29. Bc3 e4 30. Ne5 Nd6 31. Be6+ Kg7 32. Nf7+ 1-0

[Event "II Liga SSCS 2015 - Istok"]
[Site "VRNJAČKA BANJA - Hotel "]
[Date "2015.08.29"]
[Round "3.6"]
[White "TOSIC, Nebojsa"]
[Black "RADUSINOVIC, Lazar  *"]
[Result "0-1"]
[WhiteElo "2137"]
[BlackElo "2339"]
[PlyCount "140"]
[EventDate "2015.08.28"]

1. e4 c5 2. Nf3 Nc6 3. c4 d6 4. Nc3 e5 5. d3 Be7 6. Be2 Bg4 7. O-O Bxf3 8. Bxf3
Bg5 9. Bg4 Bxc1 10. Rxc1 Nh6 11. Bh3 O-O 12. Qd2 f5 13. f4 exf4 14. exf5 Nxf5
15. Rxf4 Nfd4 16. Rxf8+ Qxf8 17. Rf1 Qe7 18. Nd5 Qe5 19. Qf2 Qh5 20. Nc7 Rb8
21. Ne6 Qe8 22. Nc7 Qg6 23. Bd7 Ne5 24. Nd5 Qg5 25. Kh1 h6 26. h4 Qd8 27. Bh3
Nxd3 28. Qg3 Ne5 29. Bf5 Nxf5 30. Rxf5 Kh8 31. Nf4 Qd7 32. Ng6+ Nxg6 33. Qxg6
Qe7 34. h5 Rf8 35. Rxf8+ Qxf8 36. Kg1 Qe7 37. b3 Kg8 38. g3 Qe5 39. Kh2 Kf8 40.
Kg2 Ke7 41. Qg4 Kd8 42. Qf3 Kc7 43. Qf7+ Kb6 44. Kh3 Kc6 45. g4 Qc3+ 46. Kg2
Qb2+ 47. Kg3 Qxa2 48. Qe8+ Kb6 49. Qd8+ Ka6 50. Qxd6+ b6 51. Qd3 Qb2 52. Kf4
Ka5 53. Kf5 Qf6+ 54. Ke4 Kb4 55. Qb1 g5 56. Kd5 Qf3+ 57. Kd6 Qxb3 58. Qe1+ Qc3
59. Qb1+ Kxc4 60. Qa2+ Kd3 61. Qe6 Qd4+ 62. Kc7 Qf4+ 63. Kd8 Qd4+ 64. Kc7 Qh8
65. Kc6 c4 66. Kb5 a6+ 67. Kxa6 c3 68. Qd6+ Qd4 69. Qg6+ Kd2 70. Qxh6 Qc4+ 0-1

[Event "II Liga SSCS 2015 - Istok"]
[Site "VRNJAČKA BANJA - Hotel "]
[Date "2015.08.29"]
[Round "3.6"]
[White "RAVIC, Nenad"]
[Black "TRIFUNOVIC, Miroljub"]
[Result "1-0"]
[WhiteElo "2316"]
[BlackElo "2209"]
[PlyCount "66"]
[EventDate "2015.08.28"]

1. e4 e5 2. d4 exd4 3. Qxd4 Nc6 4. Qe3 Nf6 5. Nc3 Bb4 6. Bd2 O-O 7. O-O-O Re8
8. Qg3 Rxe4 9. a3 Rg4 10. Qe3 Ba5 11. f3 Bb6 12. Qe1 Rd4 13. Nge2 Rd6 14. Nf4
Nd4 15. Bd3 Ne6 16. Qh4 c6 17. Rhe1 h6 18. Nh5 Nxh5 19. Qxh5 Bd4 20. Qf5 Nf8
21. Ne4 Rg6 22. Ng3 Bf2 23. Re2 Bxg3 24. hxg3 d5 25. Qh5 Re6 26. g4 Rxe2 27.
Bxe2 Ne6 28. f4 Qf6 29. f5 Nd4 30. Bd3 c5 31. g5 Qe5 32. Re1 Qxe1+ 33. Bxe1 c4
1-0

[Event "II Liga SSCS 2015 - Istok"]
[Site "VRNJAČKA BANJA - Hotel "]
[Date "2015.08.29"]
[Round "3.6"]
[White "ZAFIROVSKI, Mite"]
[Black "ELEZ, Nikola  *"]
[Result "1/2-1/2"]
[WhiteElo "2257"]
[BlackElo "2222"]
[PlyCount "56"]
[EventDate "2015.08.28"]

1. d4 d6 2. Nf3 Bg4 3. c4 c6 4. Nc3 g6 5. g3 Bxf3 6. exf3 Bg7 7. Be3 e6 8. d5
Ne7 9. dxe6 fxe6 10. Bh3 Nf5 11. Bxf5 gxf5 12. Qd2 O-O 13. Bh6 Bxh6 14. Qxh6
Qf6 15. Qxf6 Rxf6 16. f4 Nd7 17. Kd2 Rd8 18. Rhe1 e5 19. Kc2 exf4 20. gxf4 Nc5
21. Re7 Rf7 22. Rg1+ Kf8 23. Re3 Re8 24. Rg8+ Kxg8 25. Rxe8+ Rf8 26. Re7 Rf7
27. Re8+ Rf8 28. Re7 Rf7 1/2-1/2

[Event "II Liga SSCS 2015 - Istok"]
[Site "VRNJAČKA BANJA - Hotel "]
[Date "2015.08.29"]
[Round "3.6"]
[White "LUKIC, Dragan M"]
[Black "MAKSIMOVIC, Boban"]
[Result "1/2-1/2"]
[WhiteElo "2287"]
[BlackElo "2216"]
[PlyCount "40"]
[EventDate "2015.08.28"]

1. e4 e6 2. d4 d5 3. Nc3 Nf6 4. e5 Nfd7 5. f4 c5 6. Nf3 Nc6 7. Be3 cxd4 8. Nxd4
Bc5 9. Qd2 a6 10. O-O-O Nxd4 11. Bxd4 Bxd4 12. Qxd4 Qb6 13. Qd2 Nc5 14. f5 Qc7
15. Qd4 Bd7 16. g3 O-O-O 17. Bh3 Kb8 18. fxe6 Nxe6 19. Bxe6 fxe6 20. Rhf1 Rhf8
1/2-1/2

[Event "II Liga SSCS 2015 - Istok"]
[Site "VRNJAČKA BANJA - Hotel "]
[Date "2015.08.29"]
[Round "3.6"]
[White "VASIC, Milena  *"]
[Black "Kuzmanovic, Aleksa"]
[Result "0-1"]
[WhiteElo "2136"]
[BlackElo "2059"]
[PlyCount "108"]
[EventDate "2015.08.28"]

1. Nf3 Nf6 2. g3 g6 3. Bg2 Bg7 4. O-O O-O 5. d4 d5 6. c3 c6 7. Nbd2 Re8 8. Re1
Nbd7 9. h3 e5 10. dxe5 Nxe5 11. Nxe5 Rxe5 12. Nf3 Re8 13. Be3 Bf5 14. a4 Be4
15. Bd4 b6 16. b4 Qc7 17. Rc1 c5 18. Be3 Qc6 19. Qb3 Rab8 20. Qa3 Nd7 21. Nh4
Bxg2 22. Nxg2 Re4 23. Red1 Bf8 24. b5 Qb7 25. Nf4 Nf6 26. Qa2 Rd8 27. a5 Qd7
28. axb6 axb6 29. Qa6 g5 30. Nxd5 Nxd5 31. c4 Qxh3 32. Rxd5 Rxd5 33. cxd5 Rxe3
34. fxe3 Qxg3+ 35. Kf1 Qh3+ 36. Kf2 Qf5+ 37. Ke1 g4 38. Qa4 Bd6 39. Qa8+ Kg7
40. Qd8 Qxd5 41. Qh4 h5 42. Rd1 Qe5 43. Kf1 Qf5+ 44. Kg1 Qe5 45. Kf2 c4 46. e4
Bc5+ 47. e3 Qf4+ 48. Kg2 Qf3+ 49. Kh2 Bxe3 50. Re1 Bf4+ 51. Kg1 g3 52. Re2 Qxe2
53. Qxf4 Qh2+ 54. Kf1 g2+ 0-1